La época de la imagen del mundo
Guardat en:
| Autor principal: | |
|---|---|
| Format: | Llibre |
| Idioma: | espanyol |
| Publicat: |
Santiago
Anales de la Universidad de Chile
1958
|
| Edició: | 1a. ed |
| Col·lecció: | Serie Negra Filosofía, 4
|
| Matèries: | |
| Etiquetes: |
Afegir etiqueta
Sense etiquetes, Sigues el primer a etiquetar aquest registre!
|
MARC
| LEADER | 00000cam a2200000 a 4500 | ||
|---|---|---|---|
| 001 | UCE1391 | ||
| 003 | CL-VaPUC | ||
| 005 | 20250131110046.0 | ||
| 008 | 140414e19580000cl |||||||||||||||||spa|d | ||
| 999 | |c 355179 |d 355177 | ||
| 040 | |c Pontificia Universidad Católica de Valparaíso | ||
| 082 | 0 | 4 | |a 193 |b HEI |2 21 |
| 100 | |a Heidegger, Martin |e autor |9 896069 | ||
| 245 | 1 | 3 | |a La época de la imagen del mundo |
| 250 | |a 1a. ed | ||
| 260 | |a Santiago |b Anales de la Universidad de Chile |c 1958 | ||
| 300 | |a 74 p | ||
| 490 | 0 | |a Serie Negra Filosofía, 4 | |
| 583 | |a last modification |c 20140423 02:53:04 |k Rodrigo Vera | ||
| 650 | 0 | |a Filosofía alemana |9 265002 | |
| 650 | 7 | |a FILOSOFOS ALEMANES |2 CL-VaPUC |9 573687 | |
| 650 | 0 | |a Existencialismo |9 265698 | |
| 942 | |c BK |2 ddc | ||
| 945 | |d 20140414 |a dcastane | ||
| 952 | |0 0 |1 0 |3 erb |4 0 |6 193_000000000000000_HEI_1958 |7 0 |8 A |9 461726 |a BIBART |b BIBART |i 5043441 |l 3 |o 193 HEI 1958 |p 5043441 |r 2025-03-13 |s 2024-12-12 |w 2019-11-23 |y BK |z Catalogado en:20140414 |k ART | ||